Law of evidence. / (Record no. 5369)
[ view plain ]
| 000 -LEADER | |
|---|---|
| fixed length control field | 00666nam a22001577a 4500 |
| 008 - FIXED-LENGTH DATA ELEMENTS--GENERAL INFORMATION | |
| fixed length control field | 150209b xxu||||| |||| 00| 0 eng d |
| 020 ## - INTERNATIONAL STANDARD BOOK NUMBER | |
| International Standard Book Number | 1854317407 |
| 050 ## - LIBRARY OF CONGRESS CALL NUMBER | |
| Classification number | KD8371.73 |
| 100 ## - MAIN ENTRY--PERSONAL NAME | |
| Personal name | Huxley, Phil. |
| 245 ## - TITLE STATEMENT | |
| Title | Law of evidence. / |
| Statement of responsibility, etc. | Phil Huxley. |
| 260 ## - PUBLICATION, DISTRIBUTION, ETC. | |
| Place of publication, distribution, etc. | London: |
| Name of publisher, distributor, etc. | Blackstone Press Ltd, |
| Date of publication, distribution, etc. | 1998. |
| 300 ## - PHYSICAL DESCRIPTION | |
| Extent | xxiv,272p.: |
| Dimensions | 26cm. |
| 500 ## - GENERAL NOTE | |
| General note | Includes index. |
| 505 ## - FORMATTED CONTENTS NOTE | |
| Formatted contents note | Contents:Burden of proof -- Course of trial -- Competence and compellability -- Hearsay -- Evidence of option Confessions -- Evidence unfairly obtained -- Silence -- Similar fact evidence -- Cross-examination of the accused -- Corroboration and additional evidence. |
| 942 ## - ADDED ENTRY ELEMENTS (KOHA) | |
| Source of classification or shelving scheme | Library of Congress Classification |
| Koha item type | Books |
| Withdrawn status | Lost status | Source of classification or shelving scheme | Damaged status | Not for loan | Home library | Current library | Shelving location | Date acquired | Total Checkouts | Full call number | Barcode | Date last seen | Copy number | Price effective from | Koha item type |
|---|---|---|---|---|---|---|---|---|---|---|---|---|---|---|---|
| Library of Congress Classification | WISCONSIN INTERNATIONAL UNIVERSITY COLLEGE, GHANA - MAIN LIBRARY | WISCONSIN INTERNATIONAL UNIVERSITY COLLEGE, GHANA - MAIN LIBRARY | Law Library | 09/02/2015 | KD8371.73 | 2460/1457/15 | 09/02/2015 | 1 | 09/02/2015 | Books | |||||
| Library of Congress Classification | WISCONSIN INTERNATIONAL UNIVERSITY COLLEGE, GHANA - MAIN LIBRARY | WISCONSIN INTERNATIONAL UNIVERSITY COLLEGE, GHANA - MAIN LIBRARY | Law Library | 09/02/2015 | KD8371.731 | 2458/1455/15 | 09/02/2015 | 2 | 09/02/2015 | Books | |||||
| Library of Congress Classification | WISCONSIN INTERNATIONAL UNIVERSITY COLLEGE, GHANA - MAIN LIBRARY | WISCONSIN INTERNATIONAL UNIVERSITY COLLEGE, GHANA - MAIN LIBRARY | Law Library | 09/02/2015 | KD8371.732 | 2459/1456/15 | 09/02/2015 | 3 | 09/02/2015 | Books |
